Kovitar deh bichar (Record no. 3756)
[ view plain ]
| 000 -LEADER | |
|---|---|
| fixed length control field | 00433cam a2200181ua 4500 |
| 008 - FIXED-LENGTH DATA ELEMENTS--GENERAL INFORMATION | |
| fixed length control field | 111209n ii |||gr||||Z||||||asm |
| 040 ## - CATALOGING SOURCE | |
| Transcribing agency | MAIN |
| 082 ## - DEWEY DECIMAL CLASSIFICATION NUMBER | |
| Classification number | 891.458 |
| 100 1# - MAIN ENTRY--PERSONAL NAME | |
| Personal name | Barua, Navakanta, |
| 245 11 - TITLE STATEMENT | |
| Title | Kovitar deh bichar |
| Statement of responsibility, etc. | by Navakanta Barua |
| 250 ## - EDITION STATEMENT | |
| Edition statement | 2nd. |
| 260 ## - PUBLICATION, DISTRIBUTION, ETC. | |
| Place of publication, distribution, etc. | Guwahati: |
| Name of publisher, distributor, etc. | Students stores,992. |
| 300 ## - PHYSICAL DESCRIPTION | |
| Extent | 140p: |
| Dimensions | 23cm. |
| 942 ## - ADDED ENTRY ELEMENTS (KOHA) | |
| Koha item type | Books |
| 653 ## - INDEX TERM--UNCONTROLLED | |
| Uncontrolled term | Assamese |
| 653 ## - INDEX TERM--UNCONTROLLED | |
| Uncontrolled term | Kovitar deh bichar |
| Withdrawn status | Lost status | Damaged status | Not for loan | Home library | Current library | Shelving location | Date acquired | Total Checkouts | Full call number | Barcode | Date last seen | Date last checked out | Copy number | Price effective from | Koha item type |
|---|---|---|---|---|---|---|---|---|---|---|---|---|---|---|---|
| Naharkatiya College Library | Naharkatiya College Library | General Stacks | 19/09/2020 | 2 | 891.458 | BAR | 7752 | 30/07/2022 | 19/07/2022 | 1 | 19/09/2020 | Books | ||||
| Naharkatiya College Library | Naharkatiya College Library | General Stacks | 19/09/2020 | 891.458 | BAR | 7753 | 19/09/2020 | 3 | 19/09/2020 | Books | ||||||
| Naharkatiya College Library | Naharkatiya College Library | General Stacks | 19/09/2020 | 891.458 | BAR | 7754 | 19/09/2020 | 4 | 19/09/2020 | Books | ||||||
| Naharkatiya College Library | Naharkatiya College Library | General Stacks | 19/09/2020 | 5 | 891.458 | BAR | 7755 | 15/03/2023 | 27/02/2023 | 5 | 19/09/2020 | Books | ||||
| Naharkatiya College Library | Naharkatiya College Library | General Stacks | 19/09/2020 | 5 | 891.458 | BAR | 7756 | 13/03/2023 | 27/02/2023 | 2 | 19/09/2020 | Books |
